Seminal heme oxygenase in fertile and infertile males / (رقم التسجيلة. 15676)

تفاصيل مارك
000 -LEADER
fixed length control field 01618nam a2200361 a 4500
003 - CONTROL NUMBER IDENTIFIER
control field EG-GiCUC
005 - DATE AND TIME OF LATEST TRANSACTION
control field 20250223025548.0
008 - FIXED-LENGTH DATA ELEMENTS--GENERAL INFORMATION
fixed length control field 090330s2009 ua dh f m 000 0 eng d
040 ## - CATALOGING SOURCE
Original cataloging agency EG-GiCUC
Language of cataloging eng
Transcribing agency EG-GiCUC
041 0# - LANGUAGE CODE
Language code of text/sound track or separate title eng.
049 ## - LOCAL HOLDINGS (OCLC)
Holding library Deposite
097 ## - Thesis Degree
Thesis Level M.Sc.
099 ## - LOCAL FREE-TEXT CALL NUMBER (OCLC)
Classification number Cai01.11.10.M.Sc.2009.Fa.S.
100 0# - MAIN ENTRY--PERSONAL NAME
Personal name Fatma Waheed Ali Sadek
245 10 - TITLE STATEMENT
Title Seminal heme oxygenase in fertile and infertile males /
Statement of responsibility, etc. Fatma Waheed Ali Sadek ; Supervised Taymour Mostafa , Hazem M. Atta , Osama K. Shaeer
246 15 - VARYING FORM OF TITLE
Title proper/short title انزيم الهيم أكسيجينيز بالسائل المنوى بالذكور المخصبين وغير المخصبين
260 ## - PUBLICATION, DISTRIBUTION, ETC.
Place of publication, distribution, etc. Cairo :
Name of publisher, distributor, etc. Fatma Waheed Ali Sadek ,
Date of publication, distribution, etc. 2009
300 ## - PHYSICAL DESCRIPTION
Extent 78P. :
Other physical details charts , facsimiles ;
Dimensions 25cm.
502 ## - DISSERTATION NOTE
Dissertation note Thesis (M.Sc.) - Cairo University - Faculty of Medicine - Department of Dermatology and Venerology
520 ## - SUMMARY, ETC.
Summary, etc. Heme oxygenase (Ho-1) enzyme controls the initial and rate-limiting step in heme catabolism cleaving heme to biliverdine then to bilirubin iron is released when the heme ring is opened while CO is liberated therefore HO enzyme down-regulates all cellular homoproteins
530 ## - ADDITIONAL PHYSICAL FORM AVAILABLE NOTE
Additional physical form available note Issued also as CD
653 #4 - INDEX TERM--UNCONTROLLED
Uncontrolled term Adeno-associated virus
653 #4 - INDEX TERM--UNCONTROLLED
Uncontrolled term Biliverdin reductase
653 #4 - INDEX TERM--UNCONTROLLED
Uncontrolled term Seminal heme oxygenase
700 0# - ADDED ENTRY--PERSONAL NAME
Personal name Hazem Mahmoud Atta ,
Relator term
700 0# - ADDED ENTRY--PERSONAL NAME
Personal name Osama Kamal Shaeer ,
Relator term
700 0# - ADDED ENTRY--PERSONAL NAME
Personal name Taymour Mostafa ,
Relator term
856 ## - ELECTRONIC LOCATION AND ACCESS
Uniform Resource Identifier <a href="http://172.23.153.220/th.pdf">http://172.23.153.220/th.pdf</a>
902 ## - LOCAL DATA ELEMENT B, LDB (RLIN)
No. of Items 1
905 ## - LOCAL DATA ELEMENT E, LDE (RLIN)
Cataloger Enas
Reviser Cataloger
905 ## - LOCAL DATA ELEMENT E, LDE (RLIN)
Cataloger Mustafa
Reviser Revisor
942 ## - ADDED ENTRY ELEMENTS (KOHA)
Source of classification or shelving scheme Dewey Decimal Classification
Koha item type Thesis
المقتنيات
Source of classification or shelving scheme Not for loan Home library Current library Date acquired Full call number Barcode Date last seen Koha item type Copy number
Dewey Decimal Classification   المكتبة المركزبة الجديدة - جامعة القاهرة قاعة الرسائل الجامعية - الدور الاول 11.02.2024 Cai01.11.10.M.Sc.2009.Fa.S. 01010110050746000 22.09.2023 Thesis  
Dewey Decimal Classification   المكتبة المركزبة الجديدة - جامعة القاهرة مخـــزن الرســائل الجـــامعية - البدروم 11.02.2024 Cai01.11.10.M.Sc.2009.Fa.S. 01020110050746000 22.09.2023 CD - Rom 50746.CD
Cairo University Libraries Portal Implemented & Customized by: Eng. M. Mohamady Contacts: new-lib@cl.cu.edu.eg | cnul@cl.cu.edu.eg
CUCL logo CNUL logo
© All rights reserved — Cairo University Libraries
CUCL logo
Implemented & Customized by: Eng. M. Mohamady Contact: new-lib@cl.cu.edu.eg © All rights reserved — New Central Library
CNUL logo
Implemented & Customized by: Eng. M. Mohamady Contact: cnul@cl.cu.edu.eg © All rights reserved — Cairo National University Library